00366 2200145 4500245004100000020001500041250002900056100001800085650002700103005001900130260003900149041001400188084000900202336000900211 aAl Quran dan tafsirnya jilid 5hText a9797970698 aEdisi yang disempurnakan aLentera Abadi aAl Quran dan tafsirnya a20240820090102 aJakartabKementrian Agama RIc2010 aIndonesia aNONE atext